सीता मौसी (Record no. 17607)
[ view plain ]
| 000 -LEADER | |
|---|---|
| fixed length control field | 00515nam a2200169Ia 4500 |
| 008 - FIXED-LENGTH DATA ELEMENTS--GENERAL INFORMATION | |
| fixed length control field | 230917s9999||||xx |||||||||||||| ||und|| |
| 020 ## - ISBN | |
| Price | RS225 |
| 040 ## - CATALOGING SOURCE | |
| -- | 231598 |
| Original cataloging agency | VIVEKANANDA LIBRARY |
| 041 ## - Language | |
| -- | English |
| 082 ## - DDC NUMBER | |
| Classification number | 891.433721 GR959S |
| 100 ## - MAIN ENTRY--PERSONAL NAME | |
| Personal name | गुप्ता, रमणिका |
| 245 #0 - TITLE STATEMENT | |
| Title | सीता मौसी |
| 260 ## - PUBLICATION, DISTRIBUTION, ETC. (IMPRINT) | |
| Place of publication, distribution, etc | दिल्ली |
| Name of publisher, distributor, etc | शिल्पायन प्रकाशन |
| Date of publication, distribution, etc | 2010 |
| 300 ## - PHYSICAL DESCRIPTION | |
| Pages | 175 पृ. p. |
| 500 ## - GENERAL NOTE | |
| General note | 2262 01/02/2016 KB15/298 17/02/2016 Hindi UGC |
| 942 ## - ADDED ENTRY ELEMENTS (KOHA) | |
| Koha item type | Books |
| Withdrawn status | Lost status | Damaged status | Not for loan | Location (home branch) | Sublocation or collection (holding branch) | Date acquired | Koha issues (times borrowed) | Koha full call number | Accession No. | Koha date last seen | Koha item type |
|---|---|---|---|---|---|---|---|---|---|---|---|
| VIVEKANANDA LIBRARY | VIVEKANANDA LIBRARY | 01/07/2016 | 1 | 891.433721 GR959S | 353091 | 18/12/2024 | Books |
